| 000 | 00337nam a2200133Ia 4500 | ||
|---|---|---|---|
| 005 | 20251222152041.0 | ||
| 008 | 251222s9999||||xx |||||||||||||| ||spa|| | ||
| 082 | _a330/N82 | ||
| 100 | _aNorton ,Roger | ||
| 245 | 0 | _aPolítica Agropecuaria Peruana en la Coyuntura Económica Actual | |
| 250 | _a1ra.ed. | ||
| 264 | _bPADI | ||
| 942 | _cLIB | ||
| 999 |
_c26031 _d26031 |
||